Zváranie '95 : XXIII. celoštátna konferencia a diskusné fórum ; zborník anotácií, Tatranská Lomnica, Slovensko, 6. - 9. 11. 1995 /

Uloženo v:
Podrobná bibliografie
Korporace: Slovenská zváračská spoločnosť (Bratislava, Slovensko) člen Zväzu slovenských vedeckotechnických spoločností (Původce), Zváranie
Médium: Konferenční příspěvek Kniha
Jazyk:slovenština
Vydáno: Bratislava : Dom techniky ZSVTS, 1995
Vydání:1. vyd.
Témata:
ISBN:8023303570
On-line přístup: Získat plný text
Tagy: Přidat tag
Žádné tagy, Buďte první, kdo vytvoří štítek k tomuto záznamu!

MARC

LEADER 00000nam a2200000 4500
003 SK-BrCVT
005 20220617194843.0
006 aao e 100 0
008 960301s1995 xo ao e 100 0slo d
020 |a 8023303570   |q (brož.) 
035 |a CVTIDW0936664 
040 |b slo  |c CVTISR  |e AACR2  |a CVTI SR 
041 0 |a slo 
044 |a xo  |c SK 
080 |a 621.791  |2 UDC-MRF 
110 2 |a Slovenská zváračská spoločnosť (Bratislava, Slovensko)  |b člen Zväzu slovenských vedeckotechnických spoločností  |4 org 
245 1 0 |a Zváranie '95 :  |b XXIII. celoštátna konferencia a diskusné fórum ; zborník anotácií, Tatranská Lomnica, Slovensko, 6. - 9. 11. 1995 /  |c Slovenská zváračská spoločnosť ; Dom techniky ZSVTS 
250 |a 1. vyd. 
260 |a Bratislava :  |b Dom techniky ZSVTS,  |c 1995 
300 |a 46 s. :  |b fotogr., lit., obr., tab. ;  |c 21 cm 
653 1 |a zváranie 
655 7 |2 SNKPH  |a zborníky 
692 |a BA PR PO MM DU 
710 2 |a Dom techniky ZSVTS (Bratislava, Slovensko)  |4 oth 
711 2 |a Zváranie  |d 6. - 9. 11. 1995 :  |c Tatranská Lomnica, Slovensko) 
910 |b V001768  |b A552289 
919 |a 80-233-0357-0 
959 |a 32 
974 |a maria.Geracsekova  |f Knihy 
992 |a AZN 
999 |c 103027  |d 103027